000 00535nam a2200181 i 4500
001 60035
003 ES-MaACL
005 20230906164138.0
007 t|
008 031103s1973 sp ||||1| spa d
020 _a84-400-6840-9
110 2 _aInformación y Venta (Madrid)
_9163577
245 1 0 _aEspaña activa /
_crealizada por Inforven, S.A.
260 _aMadrid :
_bCerrillo Cueto,
_c1973.
300 _a266 p. :
_bil. ;
_c34 cm.
651 4 _aEspaña-
_xSituación económica-
_y1955-1975.
_9171815
852 _aES-MaACL
_jC-56223
999 _c60035
_d60035